<?xml version="1.0" encoding="UTF-8"?>
<record
    xmlns:xsi="http://www.w3.org/2001/XMLSchema-instance"
    xsi:schemaLocation="http://www.loc.gov/MARC21/slim http://www.loc.gov/standards/marcxml/schema/MARC21slim.xsd"
    xmlns="http://www.loc.gov/MARC21/slim">

  <leader>03077cam a22002054a 4500</leader>
  <datafield tag="020" ind1=" " ind2=" ">
    <subfield code="a">9780521879668 (hardback)</subfield>
  </datafield>
  <datafield tag="041" ind1=" " ind2=" ">
    <subfield code="a">ENG</subfield>
  </datafield>
  <datafield tag="082" ind1="0" ind2="0">
    <subfield code="a">212</subfield>
    <subfield code="b">NAG</subfield>
  </datafield>
  <datafield tag="100" ind1="1" ind2=" ">
    <subfield code="a">Nagasawa, Yujin.</subfield>
  </datafield>
  <datafield tag="245" ind1="1" ind2="0">
    <subfield code="a">God and phenomenal consciousness : A Novel Approach to Knowledge Arguments</subfield>
  </datafield>
  <datafield tag="260" ind1=" " ind2=" ">
    <subfield code="a">Cambridge ;</subfield>
    <subfield code="a">New York :</subfield>
    <subfield code="b">Cambridge University Press,</subfield>
    <subfield code="c">2008.</subfield>
  </datafield>
  <datafield tag="300" ind1=" " ind2=" ">
    <subfield code="a">xiii, 162 p. ;</subfield>
  </datafield>
  <datafield tag="505" ind1="0" ind2=" ">
    <subfield code="a">The structure of knowledge arguments -- The structure of knowledge arguments -- Jackson's Mary argument -- Nagel's bat argument -- Defining a knowledge argument -- The argument from concept possession -- Grim's argument from knowledge de se -- Why they are knowledge arguments -- Nontheoretical physicalism -- Knowledge arguments in the philosophy of religion -- Grim's argument from knowledge de se -- Casta&#xF1;eda's and Abbruzzese's objections to the argument from knowledge de se -- First principle : divine omniscience and epistemic powers -- Second principle : divine omnipotence and necessary impossibilities -- Applying the principles -- Possible objections -- Aplication of my strategy -- The argument from concept possession (1) -- Historical background -- The structure of the argument from concept possession -- Objections to (1) -- Objections to (2) -- Objections to (3) -- Objections to (4) -- The argument from concept possession (2) -- A new objection to (4) -- Amending (4) -- Objections to the new argument -- Knowledge arguments in the philosophy of mind -- Nagel's bat argument -- Argument 1 -- Objections to argument 1 -- Argument 2 -- The thomistic principle -- The revised thomistic principle -- Thomas vs. Thomas : applying the revised thomistic principle -- Possible objections -- Jackson's Mary argument (1) -- The Mary argument against physicalism -- The parity of reasons objection -- The Mary argument against dualism -- Replies from dualists --  Reductive dualism and non-reductive dualism -- Application of the parity of reasons objection : Chalmers' panprotopsychism -- Jackson's Mary argument (2) -- The Mary argument again -- The argument from concept possession again -- The structural similarity between the mary argument and the argument from -- Concept possession -- The crucial dissimilarity between the mary argument and the argument from -- Concept possession -- Mary's ignorance -- Knowing the fundamental features of physical entities and properties -- Knowledge arguments and nontheoretical physicalism -- Knowledge arguments and nontheoretical physicalism -- Plausibility of (i) -- Pausibility of (ii) -- Pausibility of (iii) --  Nontheoretical physicalism and the mystery of phenomenal consciousness --  Nontheoretical physicalism and the existence of God -- Knowledge arguments and measuring the size of omniscience.</subfield>
  </datafield>
  <datafield tag="650" ind1=" " ind2="0">
    <subfield code="a">Consciousness.</subfield>
  </datafield>
  <datafield tag="650" ind1=" " ind2="0">
    <subfield code="a">Knowledge, Theory of.</subfield>
  </datafield>
  <datafield tag="856" ind1="4" ind2="2">
    <subfield code="u">http://www.loc.gov/catdir/enhancements/fy0803/2007030675-b.html</subfield>
  </datafield>
  <datafield tag="856" ind1="4" ind2="2">
    <subfield code="u">http://www.loc.gov/catdir/enhancements/fy0803/2007030675-d.html</subfield>
  </datafield>
  <datafield tag="856" ind1="4" ind2="1">
    <subfield code="u">http://www.loc.gov/catdir/enhancements/fy0803/2007030675-t.html</subfield>
  </datafield>
  <datafield tag="942" ind1=" " ind2=" ">
    <subfield code="c">BK</subfield>
  </datafield>
  <datafield tag="952" ind1=" " ind2=" ">
    <subfield code="0">0</subfield>
    <subfield code="1">0</subfield>
    <subfield code="4">0</subfield>
    <subfield code="7">0</subfield>
    <subfield code="a">HMI</subfield>
    <subfield code="b">HMI</subfield>
    <subfield code="c">GEN</subfield>
    <subfield code="d">2019-10-24</subfield>
    <subfield code="l">0</subfield>
    <subfield code="o">212 NAG</subfield>
    <subfield code="p">25671</subfield>
    <subfield code="r">2019-10-24</subfield>
    <subfield code="w">2026-01-16</subfield>
    <subfield code="y">BK</subfield>
  </datafield>
  <datafield tag="999" ind1=" " ind2=" ">
    <subfield code="c">22786</subfield>
    <subfield code="d">22786</subfield>
  </datafield>
</record>
